Statystyki dla Autorzy lektur

Kliknij tutaj aby rozwiązać quiz!

Ogólne statystyki

  • Ten quiz został rozwiązany 294 razy
  • Średni wynik to 17 z 27

Statystyki odpowiedzi

LekturaAutor% Poprawnych
Pan TadeuszAdam Mickiewicz
97%
LalkaBolesław Prus
91%
Dziady IIIAdam Mickiewicz
89%
Dziady IIAdam Mickiewicz
88%
Romeo i JuliaWilliam Shakespeare
85%
KordianJuliusz Słowacki
79%
MakbetWilliam Shakespeare
78%
ZemstaAleksander Fredro
77%
BalladynaJuliusz Słowacki
74%
WeseleStanisław Wyspiański
73%
AntygonaSofokles
65%
Zbrodnia i karaFiodor Dostojewski
64%
ChłopiWładysław Reymont
62%
FerdydurkeWitold Gombrowicz
60%
Kamienie na szaniecAleksander Kamiński
59%
PrzedwiośnieStefan Żeromski
59%
TangoSławomir Mrożek
58%
Opowieść wigilijnaCharles Dickens
56%
SkąpiecMolier
54%
DżumaAlbert Camus
48%
Król EdypSofokles
46%
Mały KsiążęAntoine de Saint-Exupéry
37%
Sklepy CynamonoweBruno Schulz
37%
Zdążyć przed Panem BogiemHanna Krall
33%
Jądro ciemnościJoseph Conrad
29%
Inny światGustaw Herling-Grudziński
27%
Proszę Państwa do gazuTadeusz Borowski
25%

Rozkład punktacji

Percentyl według liczby udzielonych odpowiedzi

Procent ludzi z każdym wynikiem

Twoja historia wyników

Nie rozwiązałeś tego quizu